=LDR 00000nam 2200000 4500 =001 INLIS000000000049784 =005 20200309080224 =035 ##$$a 0010-031700000000229 =008 200309################g##########0#ind## =020 ##$$a 978-602-9434-79-8 =040 ##$$a NBPDMAT =082 ##$$a 155.45 =090 ##$$a 155.45 Tan p =100 ##$$a Tanti Meranti =245 1#$$a Psikologi anak hiperaktif /$c Tanti Meranti ; editor Qoni =260 ##$$a Yogyakarta :$b Familia,$c 2015 =300 ##$$a iv, 80 hlm. : $b ilus. ; $c 14 x 21 cm. =500 ##$$a Bibliografi : hlm. 80 =650 #4$$a Anak Hiperaktif - Psikologi =700 #$$a Qoni =850 ##$$a NBPDMAT =084 ##$$a 155.45 TAN p =990 ##$$a 21605930 =990 ##$$a 21605931 =990 ##$$a 21605932 =990 ##$$a 21605933 =990 ##$$a 21605934